| 000 | 00476nam a22001457a 4500 | ||
|---|---|---|---|
| 020 | _a9780070705005 | ||
| 082 |
_a510 _bDUB/M |
||
| 100 | _aMANOJ DUBEY | ||
| 245 |
_aMATHERMATICS FOR CLASS XI _bTARGET 2011 |
||
| 260 |
_aNEW DELHI _bTATA McGRAW - HILL _c2010 |
||
| 300 | _a366 | ||
| 520 | _aFUNDEMANTAL S OF MATHEMATICS,QUICK REVISION OF CONCEPTS TAUGHT IN NCERT TEXTBOOK, MODEL TEST PAPER FOR PRACTICE | ||
| 650 |
_aREVISION AND MODEL TEST PAPER FOR CLASS XI _zINDIA |
||
| 942 | _cBK | ||
| 999 |
_c256 _d256 |
||